000 00588nam a2200205 i 4500
001 72106
003 ES-MaACL
005 20251228063012.0
007 t|
008 040826m19581959sp |||| | spa d
100 0 _aGilsanz, Vicente
_957013
245 1 0 _aLecciones de medicina interna /
_cVicente Gilsanz.
260 _aMadrid :
_b[s.n.,
_c1958-1959]
300 _a2 v., 79 lám. :
_bil. ;
_c25 cm.
650 0 7 _aMedicina interna
_2embne
_914925
650 0 4 _aPatología.
_915884
852 _aES-MaACL
_jE-4602-03
852 _aES-MaACL
_jP-427-bis
999 _c72106
_d72106